Statistics for 南京地铁车站地图 Nanjing Metro Map Quiz

Click here to take the quiz!

General Stats

  • This quiz has been taken 72 times
  • The average score is 32 of 45

Answers on the Map

Answers color-coded by a green-red scale on the quiz's map according to % correct below.
 

Answer Stats

LineStation% Correct
1号线 Line 1南京站 Nanjing Railway Station
88%
3号线 Line 3南京站 Nanjing Railway Station
88%
3号线 Line 3南京南站 Nanjing South Railway Station
88%
1号线 Line 1南京南站 Nanjing South Railway Station
88%
S1号线 Line S1南京南站 Nanjing South Railway Station
88%
S3号线 Line S3南京南站 Nanjing South Railway Station
88%
2号线 Line 2新街口 Xinjiekou
82%
1号线 Line 1新街口 Xinjiekou
82%
S9号线 Line S9高淳 Gaochun
79%
4号线 Line 4鼓楼 Gulou
75%
1号线 Line 1鼓楼 Gulou
75%
2号线 Line 2经天路 Jingtianlu
75%
3号线 Line 3林场 Linchang
75%
2号线 Line 2油坊桥 Youfangqiao
74%
S3号线 Line S3油坊桥 Youfangqiao
74%
2号线 Line 2鱼嘴 Yuzui
74%
1号线 Line 1安德门 Andemen
72%
10号线 Line 10安德门 Andemen
72%
1号线 Line 1中国药科大学 CPU
72%
3号线 Line 3鸡鸣寺 Jimingsi
72%
4号线 Line 4鸡鸣寺 Jimingsi
72%
S6号线 Line S6马群 Maqun
72%
2号线 Line 2马群 Maqun
72%
1号线 Line 1迈皋桥 Maigaoqiao
70%
2号线 Line 2大行宫 Daxinggong
68%
3号线 Line 3大行宫 Daxinggong
68%
S8号线 Line S8金牛湖 Jinniuhu
65%
4号线 Line 4仙林湖 Xianlinhu
65%
10号线 Line 10元通 Yuantong
65%
2号线 Line 2元通 Yuantong
65%
S7号线 Line S7无想山 Wuxiangshan
63%
2号线 Line 2金马路 Jinmalu
61%
4号线 Line 4金马路 Jinmalu
61%
4号线 Line 4龙江 Longjiang
61%
3号线 Line 3秣周东路 Mozhoudonglu
61%
S1号线 Line S1翔宇路南 Xiangyulunan
61%
S9号线 Line S9翔宇路南 Xiangyulunan
61%
S3号线 Line S3高家冲 Gaojiachong
60%
S6号线 Line S6句容 Jurong
60%
S1号线 Line S1空港新城江宁 Konggangxinchengjiangning
60%
S7号线 Line S7空港新城江宁 Konggangxinchengjiangning
60%
3号线 Line 3泰冯路 Taifenglu
56%
S8号线 Line S8泰冯路 Taifenglu
56%
S8号线 Line S8泰山新村 Taishanxincun
54%
10号线 Line 10雨山路 Yushanlu
51%

Score Distribution

Percentile by Number Answered

Percent of People with Each Score

Your Score History

You have not taken this quiz